Relación de los lugares de la parte del mediodía del río Ter, más proporcionados para la colocación de 400 caballos y de 30 a 40 hombres de infantería con expresión de la capacidad de cada uno, sus distancias a el río y entre sí [ (Record no. 71233)

MARC details
000 -LEADER
campo de control de longitud fija 00812ntm a2200157 i 4500
001 - NÚMERO DE CONTROL
campo de control 71233
003 - IDENTIFICADOR DE NÚMERO DE CONTROL
campo de control ES-MaACL
005 - FECHA Y HORA DE LA ÚLTIMA TRANSACCIÓN
campo de control 20230906171055.0
007 - CAMPO FIJO DE DESCRIPCIÓN FÍSICA--INFORMACIÓN GENERAL
campo de control de longitud fija t|
008 - DATOS DE LONGITUD FIJA--INFORMACIÓN GENERAL
campo de control de longitud fija 190513s1795 sp ||||1| spa d
245 00 - MENCIÓN DEL TÍTULO
Título Relación de los lugares de la parte del mediodía del río Ter, más proporcionados para la colocación de 400 caballos y de 30 a 40 hombres de infantería con expresión de la capacidad de cada uno, sus distancias a el río y entre sí [
Medio Manuscrito] /
Mención de responsabilidad, etc. Fernando de [Gavez?].
260 ## - PUBLICACIÓN, DISTRIBUCIÓN, ETC.
Lugar de publicación, distribución, etc. Gerona,
Fecha de publicación, distribución, etc. 1795.
300 ## - DESCRIPCIÓN FÍSICA
Extensión [2] h. ;
Dimensiones 21 cm.
651 #4 - PUNTO DE ACCESO ADICIONAL DE MATERIA--NOMBRE GEOGRÁFICO
Nombre geográfico Gerona (Provincia)-
Subdivisión general Itinerarios.
9 (RLIN) 167013
852 4# - LOCALIZACIÓN
Ubicación ES-MaACL
Número de control de estantería B-8924(11)
Nota libre - Legado de Federico de Botella y de Hornos
-- - Enc. en un vol. facticio agrupado con el nombre en el lomo: España, geología, memorias y documentos varios 1 a 8
Holdings
Estatus retirado Estado de pérdida Estado de daño No para préstamo Colección Biblioteca de origen Biblioteca actual Ubicación en estantería Fecha de adquisición Fuente de adquisición Total de préstamos Signatura topográfica completa Código de barras Visto por última vez Precio de reemplazo Tipo de ítem Koha
        Manuscritos Biblioteca del Ateneo de Madrid Biblioteca del Ateneo de Madrid Sala Pardo Bazán 13/05/2019     B-8924(11) 1200509 23/02/2023 23/02/2023 Manuscrito